交响乐组织 (Record no. 55290)

000 -LEADER
fixed length control field 00485nam a22001937a 4500
003 - CONTROL NUMBER IDENTIFIER
control field MPLRDC
005 - DATE AND TIME OF LATEST TRANSACTION
control field 20220104161035.0
008 - FIXED-LENGTH DATA ELEMENTS--GENERAL INFORMATION
fixed length control field 210129b ||||| |||| 00| 0 eng d
020 ## - INTERNATIONAL STANDARD BOOK NUMBER
International Standard Book Number 957-0316-71-3
082 ## - DEWEY DECIMAL CLASSIFICATION NUMBER
Classification number 494 ACK
100 ## - MAIN ENTRY--PERSONAL NAME
Personal name RUSSELL L. ACKOFF
245 ## - TITLE STATEMENT
Title 交响乐组织
Statement of responsibility, etc. 黄佳瑜译
250 ## - EDITION STATEMENT
Edition statement 初版
260 ## - PUBLICATION, DISTRIBUTION, ETC.
Place of publication, distribution, etc. 台湾
Name of publisher, distributor, etc. 大块文化出版股份有限公司
Date of publication, distribution, etc. 2001
300 ## - PHYSICAL DESCRIPTION
Other physical details 446
490 ## - SERIES STATEMENT
Series statement TOUCH. 22
650 ## - SUBJECT ADDED ENTRY--TOPICAL TERM
Topical term or geographic name entry element 企业管理
942 ## - ADDED ENTRY ELEMENTS (KOHA)
Koha item type Book
-- 494 ACK
Holdings
Withdrawn status Lost status Source of classification or shelving scheme Damaged status Not for loan Collection code Home library Current library Shelving location Date acquired Cost, normal purchase price Total Checkouts Full call number Barcode Date last seen Date last checked out Price effective from Koha item type Public note
            Malaysian Public Library, Research and Development Centre Malaysian Public Library, Research and Development Centre   10/12/2007 54.00   494 ACK 00055529 18/03/2021 10/12/2007 18/03/2021 Book mplrdc

© 2022. Malaysian Public Library, Research and Development Centre. All Right ReservedE-mailmplrdc@help.edu.my 

Powered by Koha